Miasta na prawach powiatu niebędące siedzibą powiatu ziemskiego - Statystyki

Ogólne statystyki
  • Ten quiz został rozwiązany 89 razy
  • Średni wynik to 19 z 21
Statystyki odpowiedzi
Województwo Miasto % Poprawnych
Pomorskie Gdynia
100%
Pomorskie Sopot
99%
Pomorskie Gdańsk
98%
Mazowieckie Warszawa
98%
Śląskie Katowice
96%
Zachodniopomorskie Szczecin
96%
Śląskie Sosnowiec
94%
Zachodniopomorskie Świnoujście
94%
Śląskie Bytom
93%
Śląskie Dąbrowa Górnicza
93%
Śląskie Zabrze
93%
Śląskie Chorzów
92%
Śląskie Jaworzno
91%
Śląskie Siemianowice Śląskie
88%
Śląskie Świętochłowice
88%
Śląskie Tychy
88%
Śląskie Mysłowice
87%
Śląskie Ruda Śląska
87%
Śląskie Żory
87%
Śląskie Piekary Śląskie
86%
Śląskie Jastrzębie-Zdrój
79%
Nie znaleziono quizów pasujących do podanych kryteriów
Rozkład punktacji
Procent ludzi z każdym wynikiem
Percentyl według liczby udzielonych odpowiedzi
Twoja historia wyników
Nie rozwiązałeś tego quizu